Ďalšie vzdelávanie dospelých v Nemecku

Význam vzdelávania dospelých a jeho chápanie v Nemecku. Trhový charakter ďalšieho vzdelávania, štátne kompetencie a jeho legislatívne zabezpečenie v SRN. Financovanie vzdelávania dospelých. Členenie ďalšieho vzdelávania na: všeobecné, profesijné, vedecké, kultúrne a politické a ich odlišnosti. Dišta...

Ausführliche Beschreibung

Gespeichert in:
Bibliographische Detailangaben
1. Verfasser: Matulčík, Július
Format: Buchkapitel
Sprache:Slowakisch
Schlagworte:
Tags: Tag hinzufügen
Keine Tags, Fügen Sie das erste Tag hinzu!

MARC

LEADER 00000naa a2200000 4500
001 r034826
005 20230918123059.2
041 0 |a slo 
044 |a SK 
245 1 0 |a Ďalšie vzdelávanie dospelých v Nemecku  |c Július Matulčík 
520 |a Význam vzdelávania dospelých a jeho chápanie v Nemecku. Trhový charakter ďalšieho vzdelávania, štátne kompetencie a jeho legislatívne zabezpečenie v SRN. Financovanie vzdelávania dospelých. Členenie ďalšieho vzdelávania na: všeobecné, profesijné, vedecké, kultúrne a politické a ich odlišnosti. Dištančné vzdelávanie. 
610 2 0 |a vzdelávanie ďalšie 
610 2 0 |a Nemecko 
610 2 0 |a andragogika 
610 2 0 |a legislatíva 
610 2 0 |a financovanie 
610 2 0 |a kompetencie 
610 2 0 |a štúdium dištančné 
100 1 |a Matulčík, Július